| 000 | 00448nam a22001457a 4500 | ||
|---|---|---|---|
| 999 |
_c527183 _d527183 |
||
| 020 | _a9788120415973 | ||
| 082 |
_a624.18341 _bDAY |
||
| 100 | _aDayaratnam, . P | ||
| 245 |
_aLimit State Design of Reinforced Concrete Structures / _cP. Dayaratnam |
||
| 260 |
_aNew Dehli : _bOxford & IBH Publishing Co. Pvt. Ltd, _c2017. |
||
| 300 | _a532 p. ; | ||
| 942 |
_2ddc _cBK |
||